Estatísticas para Quiz do Mapa de Bandeiras Europeias

Clique aqui para jogar o quiz

Estatísticas Gerais

  • Esse quiz foi jogado 8 122 vezes
  • A pontuação média é 26 de 45

Respostas no mapa

Respostas codificadas por cores de uma escala verde-vermelha no mapa do quiz de acordo com a % correta abaixo.
 

Estatísticas das Respostas

Resposta% Correto
Espanha
88%
Portugal
87%
Reino Unido
86%
França
85%
Itália
85%
Irlanda
84%
Rússia
79%
Grécia
78%
Alemanha
77%
Noruega
71%
Suécia
70%
Finlândia
70%
Islândia
70%
Bélgica
70%
Ucrânia
68%
Dinamarca
68%
Suíça
67%
Países Baixos
65%
Polónia
59%
Vaticano
57%
Croácia
55%
Luxemburgo
54%
Bielorrússia
54%
Áustria
54%
Estónia
53%
República Checa
52%
Malta
48%
Kosovo
47%
San Marino
47%
Bósnia e Herzegovina
46%
Romênia
46%
Mônaco
46%
Liechtenstein
45%
Albânia
45%
Letônia
44%
Macedônia do Norte
44%
Sérvia
41%
Lituânia
41%
Andorra
41%
Eslováquia
39%
Hungria
39%
Moldávia
39%
Bulgária
38%
Eslovênia
38%
Montenegro
37%

Distribuição das Pontuações

Percentil de Números Respondidos

Porcentagem de Pessoas com Cada Pontuação

Sua Pontuação Histórica

Você não jogou esse quiz